|
|
|
|
| LEADER |
00000cam a22000002c 4500 |
| 001 |
1074617207 |
| 003 |
DE-627 |
| 005 |
20260206195622.0 |
| 007 |
tu |
| 008 |
850101s1974 xxu||||| 00| ||eng c |
| 020 |
|
|
|a 0669919349
|9 0-669-91934-9
|
| 024 |
8 |
|
|a 73019727
|q Identnummer
|
| 035 |
|
|
|a (DE-627)1074617207
|
| 035 |
|
|
|a (DE-603)206086628
|
| 035 |
|
|
|a (DE-576)004617207
|
| 035 |
|
|
|a (DE-599)BSZ004617207
|
| 035 |
|
|
|a (OCoLC)16297599
|
| 035 |
|
|
|a (OCoLC)16297599
|
| 035 |
|
|
|a (DE-604)8031692354
|
| 040 |
|
|
|a DE-627
|b ger
|c DE-627
|e rakwb
|
| 041 |
|
|
|a eng
|
| 044 |
|
|
|c XD-US
|
| 050 |
|
0 |
|a HV9104
|
| 082 |
0 |
|
|a 364.36/09794
|
| 082 |
0 |
|
|a 371.2/913/09794
|
| 082 |
0 |
|
|a 364.36/0973
|q LOC
|
| 084 |
|
|
|a MS 2400
|2 rvk
|0 (DE-625)rvk/123637:
|
| 084 |
|
|
|a 86.41
|2 bkl
|
| 100 |
1 |
|
|a Elliott, Delbert S.
|d 1933-
|0 (DE-588)132534622
|0 (DE-627)523628889
|0 (DE-576)160854148
|4 aut
|
| 109 |
|
|
|a Elliott, Delbert S. 1933-
|a Elliott, Delbert Stephen 1933-
|a Elliot, Delbert S. 1933-
|a Elliott, Delbert 1933-
|
| 245 |
1 |
0 |
|a Delinquency and dropout
|c Delbert S. Elliott and Harwin L. Voss
|
| 264 |
|
1 |
|a Lexington, Mass. [u.a.]
|b Heath
|c 1974
|
| 300 |
|
|
|a XVII, 264 S.
|
| 336 |
|
|
|a Text
|b txt
|2 rdacontent
|
| 337 |
|
|
|a ohne Hilfsmittel zu benutzen
|b n
|2 rdamedia
|
| 338 |
|
|
|a Band
|b nc
|2 rdacarrier
|
| 490 |
0 |
|
|a Lexington books
|
| 500 |
|
|
|a Mit Bibliogr
|
| 583 |
1 |
|
|a Archivierung prüfen
|c 20240324
|f DE-4165
|z 1
|2 pdager
|
| 583 |
1 |
|
|a Archivierung/Langzeitarchivierung gewährleistet
|c 20240722
|f NI-LastCopies
|x XA-DE-NI
|z Potenzieller Alleinbesitz Niedersachsen
|2 pdager
|5 DE-89
|
| 650 |
|
0 |
|a Juvenile Delinquency
|z United States
|
| 650 |
|
0 |
|a Dropouts
|
| 700 |
1 |
|
|8 1\p
|a Voss, Harwin L.
|0 (DE-588)1235822567
|0 (DE-627)1760951811
|4 aut
|
| 883 |
|
|
|8 1\p
|a cgwrk
|d 20241001
|q DE-101
|u https://d-nb.info/provenance/plan#cgwrk
|
| 889 |
|
|
|w (DE-627)020794703
|
| 889 |
|
|
|w (DE-627)038960990
|
| 935 |
|
|
|i mdedup
|
| 935 |
|
|
|h HEB
|i 0501
|
| 935 |
|
|
|h HEB
|i 0503
|
| 936 |
r |
v |
|a MS 2400
|b Jugendkriminalität und -verwahrlosung
|k Soziologie
|k Spezielle Soziologien
|k Jugendsoziologie
|k Jugendkriminalität und -verwahrlosung
|0 (DE-627)1271440997
|0 (DE-625)rvk/123637:
|0 (DE-576)201440997
|
| 936 |
b |
k |
|a 86.41
|
| 936 |
s |
n |
|a m200
|2 mzub
|
| 951 |
|
|
|a BO
|
| ELC |
|
|
|b 1
|
| LOK |
|
|
|0 000 xxxxxcx a22 zn 4500
|
| LOK |
|
|
|0 001 2034860225
|
| LOK |
|
|
|0 003 DE-627
|
| LOK |
|
|
|0 004 1074617207
|
| LOK |
|
|
|0 005 20020606000000
|
| LOK |
|
|
|0 008 910605||||||||||||||||ger|||||||
|
| LOK |
|
|
|0 040
|a DE-21
|c DE-627
|d DE-21
|
| LOK |
|
|
|0 852
|a DE-21
|
| LOK |
|
|
|0 852 1
|c KB 4 A 433
|9 00
|
| LOK |
|
|
|0 935
|a krim
|
| LOK |
|
|
|0 936ln
|a k11.1.2.1
|
| LOK |
|
|
|0 939
|a 05-06-91
|b l01
|
| LOK |
|
|
|0 000 xxxxxcx a22 zn 4500
|
| LOK |
|
|
|0 001 2821026293
|
| LOK |
|
|
|0 003 DE-627
|
| LOK |
|
|
|0 004 1074617207
|
| LOK |
|
|
|0 005 20141117110133
|
| LOK |
|
|
|0 008 141117||||||||||||||||ger|||||||
|
| LOK |
|
|
|0 040
|a DE-21-110
|c DE-627
|d DE-21-110
|
| LOK |
|
|
|0 689
|a s
|a Verlaufsstudien
|
| LOK |
|
|
|0 852
|z Kein Bestand am IfK; Nachweis für KrimDok
|
| LOK |
|
|
|0 852
|a DE-21-110
|
| LOK |
|
|
|0 852 1
|m v
|9 00
|
| LOK |
|
|
|0 935
|a k110
|
| LOK |
|
|
|0 938
|k v
|
| LOK |
|
|
|0 939
|a 17-11-14
|b l01
|
| ORI |
|
|
|a SA-MARC-krimdoka001.raw
|
| SIG |
|
|
|a UB: KB 4 A 433
|